000 04324cam a22006254i 4500
003 PE-LiUPU
005 20250731180121.0
008 150623s r 000 0 d
020 _a8420009989
035 _a(Sirsi) i9788420009988
040 _aPE-LiUPU
_bspa
_cPE-LiUPU
_erda
049 _aPRUA
082 0 4 _a576.163
_bM81
_221
100 1 _aMossel, David A. A.,
_eautor.
245 1 0 _aMicrobiología de los alimentos :
_bfundamentos ecológicos para garantizar y comprobar la integridad (inocuidad y calidad) microbiológica de los alimentos /
_cDavid A. A. Mossel.
250 _a2a
264 1 _aZaragoza, España :
_bAcribia,
_c2006.
300 _a703 páginas :
_bilustraciones, gráficos, cuadros ;
_c27 centímetros
336 _atext
_2rdacontent
337 _aunmediated
_2rdamedia
338 _avolume
_2rdacarrier
505 0 _aPrincipios generales en los que se basa la garantía de la inocuidad -- la calidad microbiológica y la aceptabilidad de los alimentos -- 2 Principales características taxonómicas y determina ti vas de los organismos de importancia en los alimentos -- 3 Factores que influencian el destino y las actividades metabólicas de los microorganismos en los alimentos -- 4 Enfermedades de origen microbiano transmitidas por los alimentos. Mecanismo y fundamentos de la prevención de las alteraciones microbianas de los alimentos.-Prevención o control de la seguridad y de la calidad microbiológicas de los alimentos -- Vigilancia o comprobación microbiológica de los alimentos -- Evaluación de la eficacia de las medidas para garantizar la salubridad -- la calidad microbiológica de los alimentos por determinación de su conformidad con los valores de referencia o normas microbiológicas -- Procedimientos normalizados y validados de trabajo para la comprobación -- vigilancia en las industrias de alimentos y en la restauración colectiva.-Recuento de los microorganismos marcadores utilizando para evaluar el cumplimiento de los criterios o normas microbiológicas -- Detención de los microorganismos infectivos y toxigénicos en los alimentos crudos y manufacturas que han recibido un tratamiento de seguridad en los ambientes de los alimentos y en los piensos -- Análisis de alimentos posiblemente implicados en brotes de toxi-infecciones e intoxicaciones alimentarias o en incidentes de alteración -- Vigilancia microbiológica del entorno donde se fabrica los alimentos.
526 _aSEG44
526 _aSEG26
526 _aP159
526 _aP155
526 _aP154
526 _aP153
526 _aP150
526 _aP100
526 _aP31
526 _aP30
526 _aP26
526 _aP25
526 _aP24
526 _aP22
526 _aP15
526 _aP10
541 _g015-009039;
650 0 4 _aAlimentos
_xanálisis.
650 0 4 _aMicrobiología de los alimentos.
700 1 _aMoreno, B.,
_eautor.
700 1 _aStruijk, C. B.,
_eautor.
942 _2ddc
_cBOOK
949 _a576.163 M81
_wDEWEY
_c1
_i57860
_d2016-8-18
_e2016-8-18
_lCCODEBUL1
_mBUL
_n6
_p131.00
_r0
_sY
_tBOOK
_u2015-6-24
_xINGENIERIA
_PP26
_0COMPRA
_o.STAFF. Colección General
949 _a576.163 M81
_wDEWEY
_c2
_i50831
_d2016-9-2
_e2016-9-1
_lCCODEBUL1
_mBUL
_n2
_p139.15
_r0
_sY
_tBOOK
_u2015-6-24
_xINGENIERIA
_zUNKNOWN
_0COMPRA
_o.STAFF. Colección General
949 _a576.163 M81 2002
_wDEWEY
_c1
_iFJ06048
_lCCODEBUJ1
_mBUJ
_p131.00
_r0
_sY
_tBOOK
_u2017-12-08
_xINGENIERIA
_zALIMNENTOS
_0COMPRA
_o.STAFF -- Colección General Juliaca
994 _aC0
_bPEPRU
596 _a1 3
999 _a576.163 M81
_wDEWEY
_c34481
_i57860
_d34481
_e2019-9-1
_f2021-11-5
_g7
_lCCODEBUL1
_mBUL
_n10
_p131.00
_q2
_r0
_sN
_tBOOK
_u2015-6-24
_xBIBLIOTECA
_PP26
_0COMPRA
_o.STAFF. Colección General
999 _a576.163 M81
_wDEWEY
_c2
_i50831
_d2018-9-11
_e2018-9-7
_f2021-11-9
_g7
_lCCODEBUL1
_mBUL
_n8
_p139.15
_q1
_r0
_sN
_tBOOK
_u2015-6-24
_xINGENIERIA
_zUNKNOWN
_0COMPRA
_o.STAFF. Colección General
999 _a576.163 M81 2002
_wDEWEY
_c1
_iFJ06048
_d2019-10-15
_e2018-5-23
_f2022-1-25
_g3
_lCCODEBUJ1
_mBUJ
_n5
_p131.00
_q4
_r0
_sY
_tBOOK
_u2017-1-25
_xINGENIERIA
_PP26
_0COMPRA
_o.STAFF. Colección General Juliaca
980 _81
_gALBERTO SANCHEZ Responsable de Automatización